000 02179nam a2200565 i 4500
001 43036
003 KOSZ 005
005 20201119092416.0
008 030911s2003 pl a f f |000 0 pol
020 _a8373706607
020 _a8373706615
040 _aWA N
_cWA N
_dKOSZ 005/HR
046 _k2003
080 _a696
080 _a699.8
080 _a621.316
080 _a006.3/.8(438)
080 _a(083.1)
245 0 0 _aRoboty instalacyjne.
_nZ. 1,
_pInstalacje elektryczne i piorunochronne w budynkach mieszkalnych /
_cInstytut Techniki Budowlanej ; [aut.: Radosław Lenartowicz, Andrzej Boczkowski, Iwonna Wybrańska].
246 3 0 _aInstalacje elektryczne i piorunochronne w budynkach mieszkalnych.
260 _aWarszawa :
_bITB,
_c2003.
300 _a119, [1] s. :
_brys. ;
_c24 cm.
336 _2rdacontet
_aTekst
_btxt
337 _2rdamedia
_aBez urządzenia pośredniczącego
_bn
338 _2rdacarrier
_aWolumin
_bnc
380 _aDruki ulotne
380 _aPublikacje fachowe
388 _a2001-
490 1 _aWarunki Techniczne Wykonania i Odbioru Robót Budowlanych ;
_vcz. D.
490 1 _aInstrukcje, Wytyczne, Poradniki / Instytut Techniki Budowlanej ;
_v386/2003.
648 4 _a2001-
650 4 _aBudownictwo mieszkaniowe
650 4 _aInstalacje elektryczne
650 4 _aInstalacja odgromowa
650 4 _aOdgromniki
650 4 _aBezpieczeństwo
650 4 _aNormalizacja
655 4 _aInstrukcja
655 4 _aPublikacje fachowe
658 _aArchitektura i budownictwo
658 _aInżynieria i technika
700 1 _aBoczkowski, Andrzej
_c(elektrotechnik)
_eAutor
700 1 _aLenartowicz, Radosław
_eAutor
700 1 _aWybrańska, Iwonna
_eAutor
710 2 _aInstytut Techniki Budowlanej
_4pbl.
830 0 _aInstrukcje, Wytyczne, Poradniki - Instytut Techniki Budowlanej
_v386/2003
830 0 _aWarunki Techniczne Wykonania i Odbioru Robót Budowlanych
_vcz. D
856 _uhttp://koha.tu.koszalin.pl/cgi-bin/koha/opac-detail.pl?biblionumber=43036
_yKatalog online BPK
942 _2UKD
_cKS
999 _c43036
_d43036